2k25 All-Time Teams' Best Player - Statistics

General Stats
  • This quiz has been taken 90 times
  • The average score is 26 of 35
Answer Stats
Hint Answer % Correct
Cavaliers (99) Lebron James
96%
Heat (99) LeBron James
96%
Bulls (99) Michael Jordan
93%
Warriors (99) Wilt Chamberlain
91%
Bucks (99) Kareem Abdul-Jabbar
89%
Celtics (99) Larry Bird
89%
Lakers (99) Kobe Bryant
88%
Lakers (99) Magic Johnson
88%
Clippers (95) Kawhi Leonard
87%
Raptors (96) Kawhi Leonard
87%
Mavericks (98) Dirk Nowitzki
86%
Thunder (97) Kevin Durant
86%
Jazz (97) John Stockton
83%
Jazz (97) Karl Malone
82%
Nuggets (97) Nikola Jokic
82%
Spurs (98) Tim Duncan
82%
Timberwolves (98) Kevin Garnett
80%
76ers (98) Moses Malone
80%
Rockets (99) Hakeem Olajuwon
79%
Raptors (96) Vince Carter
79%
Pistons (95) Isiah Thomas
78%
Nets (97) Julius Erving
78%
Grizzlies (93) Marc Gasol
76%
Pelicans (97) Chris Paul
75%
Hawks (95) Dominique Wilkins
75%
Suns (96) Steve Nash
72%
Kings (97) Oscar Robertson
71%
Pacers (93) Paul George
68%
Trail Blazers (96) Clyde Drexler
66%
Magic (95) Tracy McGrady
58%
Hawks (95) Bob Pettit
57%
Wizards (94) Wes Unseld
51%
Wizards (94) Elvin Hayes
47%
Hornets (90) Glen Rice
37%
Knicks (97) Walt Frasier
1%
No matching quizzes found
Score Distribution
Percent of People with Each Score
Percentile by Number Answered
Your Score History
You have not taken this quiz